[Event "Catalunya-ch Seniors"]
[Site "Andorra"]
[Date "2006.07.25"]
[Round "8"]
[White "Solsona Manonelles, Josep"]
[Black "Sole Monistrol, Francisco"]
[Result "1/2-1/2"]
[WhiteElo "1838"]
[BlackElo "2026"]
[PlyCount "72"]
[EventDate "2006.07.18"]
[EventType "swiss"]
[EventRounds "9"]
[EventCountry "ESP"]
[SourceTitle "EXT 2019"]
[Source "ChessBase"]
[SourceDate "2018.10.10"]
[SourceVersion "1"]
[SourceVersionDate "2018.10.10"]
[SourceQuality "1"]

1. d4 d5 2. c4 c6 3. Nc3 Nf6 4. cxd5 cxd5 5. Bf4 a6 6. e3 Nc6 7. h3 e6 8. Nf3 Be7 9. Be2 0-0 10. 0-0 Bd7 11. Rc1 h6 12. a3 b5 13. b4 Nh7 14. Nb1 f5 15. Ne5 Nxe5 16. Bxe5 Rc8 17. Qd3 Qb6 18. Rc3 Rxc3 19. Nxc3 Rc8 20. Ra1 Be8 21. f3 Ng5 22. Bg3 Bf6 23. Ra2 Nf7 24. Rc2 Qb7 25. Na2 Rxc2 26. Qxc2 Bc6 27. Nc1 Be7 28. Nb3 Qc8 29. Na5 Bd7 30. Qxc8+ Bxc8 31. Nb3 Nd6 32. Bxd6 Bxd6 33. Nc5 Kf8 34. Kf2 Ke7 35. f4 g6 36. g3 Kf6 1/2-1/2

[Event "Catalunya-ch Seniors"]
[Site "Andorra"]
[Date "2006.07.24"]
[Round "7"]
[White "Gomez Abad, Antonio"]
[Black "Solsona Manonelles, Josep"]
[Result "1/2-1/2"]
[WhiteElo "1891"]
[BlackElo "1838"]
[PlyCount "60"]
[EventDate "2006.07.18"]
[EventType "swiss"]
[EventRounds "9"]
[EventCountry "ESP"]
[SourceTitle "EXT 2019"]
[Source "ChessBase"]
[SourceDate "2018.10.10"]
[SourceVersion "1"]
[SourceVersionDate "2018.10.10"]
[SourceQuality "1"]

1. e4 e6 2. d4 d5 3. exd5 exd5 4. Nf3 Nf6 5. Bd3 Bd6 6. Nc3 0-0 7. 0-0 Re8 8. Bg5 c6 9. h3 Nbd7 10. Ne2 Qc7 11. Re1 h6 12. Bd2 Ne4 13. Be3 f5 14. c4 dxc4 15. Bxc4+ Kh8 16. Nh4 Ndf6 17. Ng6+ Kh7 18. Ngf4 g5 19. Nd3 Be6 20. Bxe6 Rxe6 21. Qb3 Rae8 22. Nc5 R6e7 23. Qd3 Nd5 24. f3 Bxc5 25. dxc5 Nxe3 26. fxe4 Rxe4 27. Nc3 Qg3 28. Re2 R4e5 29. Rae1 Kg6 30. Nd1 Rd5 1/2-1/2

[Event "Catalunya-ch Seniors"]
[Site "Andorra"]
[Date "2006.07.22"]
[Round "5"]
[White "Mestieri Rius, Gabriel"]
[Black "Solsona Manonelles, Josep"]
[Result "1/2-1/2"]
[WhiteElo "2060"]
[BlackElo "1838"]
[PlyCount "34"]
[EventDate "2006.07.18"]
[EventType "swiss"]
[EventRounds "9"]
[EventCountry "ESP"]
[SourceTitle "EXT 2019"]
[Source "ChessBase"]
[SourceDate "2018.10.10"]
[SourceVersion "1"]
[SourceVersionDate "2018.10.10"]
[SourceQuality "1"]

1. e4 e6 2. d4 d5 3. Nc3 Nf6 4. Bg5 Be7 5. e5 Nfd7 6. h4 h6 7. Be3 c5 8. Qg4 g6 9. f4 cxd4 10. Bxd4 Nc6 11. Nf3 Nxd4 12. Nxd4 a6 13. Bd3 h5 14. Qg3 Nf8 15. a3 Bd7 16. Nb3 Qb6 17. Qf2 Qxf2+ 1/2-1/2

[Event "Catalunya-ch Seniors"]
[Site "Andorra"]
[Date "2006.07.21"]
[Round "4"]
[White "Reverter Sancho, Batista"]
[Black "Solsona Manonelles, Josep"]
[Result "1/2-1/2"]
[WhiteElo "1812"]
[BlackElo "1838"]
[PlyCount "76"]
[EventDate "2006.07.18"]
[EventType "swiss"]
[EventRounds "9"]
[EventCountry "ESP"]
[SourceTitle "EXT 2019"]
[Source "ChessBase"]
[SourceDate "2018.10.10"]
[SourceVersion "1"]
[SourceVersionDate "2018.10.10"]
[SourceQuality "1"]

1. c4 e5 2. e4 Nf6 3. Nf3 Bc5 4. a3 a5 5. Nc3 Nc6 6. Be2 0-0 7. 0-0 d6 8. Qc2 h6 9. d3 Bd7 10. Bd2 b6 11. Na4 Nd4 12. Nxd4 Bxd4 13. Nc3 c5 14. Nd1 b5 15. Be3 bxc4 16. Bxd4 cxd3 17. Bxd3 cxd4 18. f3 Qb6 19. h3 Nh5 20. Kh2 Nf4 21. Rf2 Rfc8 22. Bc4 Rc5 23. Qb3 Qxb3 24. Bxb3 Rb8 25. Ba2 Nd3 26. Rd2 Nc1 27. b4 axb4 28. axb4 Rxb4 29. Bd5 Nb3 30. Ra8+ Rc8 31. Rxc8+ Bxc8 32. Rb2 Be6 33. Nf2 Bxd5 34. exd5 f5 35. Nd3 Rb7 36. Nc1 Nc5 37. Rd2 Kf7 38. Kg3 g5 1/2-1/2

[Event "Catalunya-ch Seniors"]
[Site "Andorra"]
[Date "2006.07.20"]
[Round "3"]
[White "Solsona Manonelles, Josep"]
[Black "Duran Vallverdu, Juan"]
[Result "0-1"]
[WhiteElo "1838"]
[BlackElo "2040"]
[PlyCount "121"]
[EventDate "2006.07.18"]
[EventType "swiss"]
[EventRounds "9"]
[EventCountry "ESP"]
[SourceTitle "EXT 2019"]
[Source "ChessBase"]
[SourceDate "2018.10.10"]
[SourceVersion "1"]
[SourceVersionDate "2018.10.10"]
[SourceQuality "1"]

1. d4 Nf6 2. c4 e5 3. dxe5 Ng4 4. Bf4 Nc6 5. Nf3 Bb4+ 6. Nc3 f6 7. Qd5 Qe7 8. exf6 Nxf6 9. Qd3 0-0 10. e3 Bxc3+ 11. bxc3 Ne4 12. a4 Rxf4 13. exf4 Ng3+ 14. Qe3 Nxh1 15. Qxe7 Nxe7 16. g3 Nf5 17. Bg2 Nhxg3 18. hxg3 c6 19. Nd4 d6 20. Kd2 Kf7 21. Re1 Nxd4 22. cxd4 Be6 23. d5 cxd5 24. Bxd5 Bxd5 25. cxd5 Re8 26. Re3 Re7 27. Kd3 Ke8 28. Kc4 Kd7 29. Kb5 Rf7 30. Re2 Rf8 31. Kc4 Rc8+ 32. Kb3 Rc1 33. Rd2 Rc5 34. g4 Ke7 35. f3 Kf6 36. Rd4 g6 37. Rd2 h5 38. f5 hxg4 39. fxg6 gxf3 40. Rf2 Kxg6 41. Rxf3 Rxd5 42. Kc4 Rc5+ 43. Kd4 Ra5 44. Rb3 b6 45. Rb4 Kf6 46. Kc4 Ke5 47. Kb3 d5 48. Kc3 Rc5+ 49. Kd3 Rc1 50. a5 bxa5 51. Rb7 Ra1 52. Rxa7 Ra3+ 53. Kd2 Kd4 54. Kc2 Ra4 55. Ra8 Rc4+ 56. Kd2 Rc5 57. Ra7 Kc4 58. Ra8 Kb4 59. Kd3 a4 60. Kd4 Rb5 61. Rc8 0-1

[Event "Catalunya-ch Seniors"]
[Site "Andorra"]
[Date "2006.07.18"]
[Round "1"]
[White "Solsona Manonelles, Josep"]
[Black "Dominguez Marquez, Cecilio"]
[Result "0-1"]
[WhiteElo "1838"]
[BlackElo "2123"]
[PlyCount "48"]
[EventDate "2006.07.18"]
[EventType "swiss"]
[EventRounds "9"]
[EventCountry "ESP"]
[SourceTitle "EXT 2019"]
[Source "ChessBase"]
[SourceDate "2018.10.10"]
[SourceVersion "1"]
[SourceVersionDate "2018.10.10"]
[SourceQuality "1"]

1. d4 Nf6 2. c4 e6 3. Nc3 Bb4 4. a3 Bxc3+ 5. bxc3 b6 6. Nf3 Bb7 7. Bg5 d6 8. e3 Nbd7 9. Be2 h6 10. Bh4 Qe7 11. 0-0 g5 12. Bg3 Ne4 13. Qc2 0-0-0 14. Nd2 Nxd2 15. Qxd2 h5 16. f3 h4 17. Bf2 h3 18. e4 hxg2 19. Kxg2 g4 20. Bg3 gxf3+ 21. Bxf3 Rdg8 22. Rh1 f5 23. Qe3 Qg7 24. exf5 Rxh2+ 0-1

[Event "Torredembarra op 8th"]
[Site "Torredembarra"]
[Date "2006.07.08"]
[Round "1"]
[White "Solsona Manonelles, Josep"]
[Black "Mirzoev, Azer"]
[Result "0-1"]
[WhiteElo "1838"]
[BlackElo "2523"]
[PlyCount "68"]
[EventDate "2006.07.08"]
[EventType "swiss"]
[EventRounds "9"]
[EventCountry "ESP"]
[SourceTitle "EXT 2019"]
[Source "ChessBase"]
[SourceDate "2018.10.10"]
[SourceVersion "1"]
[SourceVersionDate "2018.10.10"]
[SourceQuality "1"]

1. d4 Nf6 2. c4 e6 3. Nc3 c5 4. d5 exd5 5. cxd5 d6 6. e4 g6 7. Nf3 a6 8. a4 Bg4 9. h3 Bxf3 10. Qxf3 Bg7 11. Bc4 0-0 12. 0-0 Nbd7 13. Qe2 Re8 14. Bf4 Qe7 15. Rfe1 Ne5 16. a5 Nh5 17. Bd2 Qh4 18. Ra3 Nf4 19. Bxf4 Qxf4 20. Nd1 h5 21. Rb3 Re7 22. Qc2 h4 23. Ne3 f5 24. exf5 Nxc4 25. Qc1 Nxe3 26. Rexe3 Rxe3 27. Qxe3 Qxe3 28. Rxe3 gxf5 29. b3 Be5 30. g3 Kf7 31. Kf1 hxg3 32. fxg3 b5 33. Rf3 Kg6 34. Ke2 c4 0-1

[Event "Sort op 2nd"]
[Site "Sort"]
[Date "2006.06.27"]
[Round "2"]
[White "Solsona Manonelles, Josep"]
[Black "Chkhaidze, Nikoloz"]
[Result "0-1"]
[WhiteElo "1832"]
[BlackElo "2171"]
[PlyCount "132"]
[EventDate "2006.06.26"]
[EventType "swiss"]
[EventRounds "9"]
[EventCountry "ESP"]
[SourceTitle "CBM 113 Extra"]
[Source "ChessBase"]
[SourceDate "2006.09.14"]
[SourceVersion "1"]
[SourceVersionDate "2006.09.14"]
[SourceQuality "1"]

1. d4 Nf6 2. c4 e6 3. Nf3 c5 4. d5 exd5 5. cxd5 d6 6. Nc3 g6 7. e4 Bg7 8. Bd3 Bg4 9. h3 Bxf3 10. Qxf3 0-0 11. 0-0 Na6 12. a3 Nc7 13. Bf4 Nh5 14. Bh2 a6 15. a4 Rb8 16. Qe2 Re8 17. Kh1 Qd7 18. a5 f5 19. f3 f4 20. Na4 Na8 21. Ra3 Be5 22. Re1 Qc7 23. Qd2 Rec8 24. Bc4 g5 25. Rb3 b5 26. axb6 Nxb6 27. Nxb6 Rxb6 28. Rxb6 Qxb6 29. b3 a5 30. Qa2 Nf6 31. Qa4 h5 32. Bg1 Kf7 33. Bf2 Bc3 34. Kg1 Ke7 35. Kf1 Nd7 36. Qb5 Qxb5 37. Bxb5 Ne5 38. Rc1 Bb4 39. Bc4 Kf6 40. Ra1 Ra8 41. Ra4 Nd7 42. Be2 Ke5 43. Be1 Nb6 44. Ra2 Bxe1 45. Kxe1 a4 46. bxa4 Rxa4 47. Rxa4 Nxa4 48. Kd2 Kd4 49. Bd1 Nb2 50. Be2 Na4 51. Bd1 Nb6 52. Be2 Nd7 53. Bb5 Nf6 54. Be2 g4 55. Bd3 g3 56. Bb5 h4 57. Ke2 Nh7 58. Be8 Ng5 59. Bc6 Nf7 60. Be8 Ne5 61. Bb5 Kc3 62. Ba4 Kb2 63. Kd2 Nxf3+ 64. Ke2 Ne5 65. Bb5 Kc3 66. Ba6 Kd4 0-1